header

The standard in South African English and its social history (Record no. 249060)

MARC details
000 -LEADER
fixed length control field 01386nam a2200337Ia 4500
100 1# - MAIN ENTRY--AUTHOR NAME
Personal name Lanham, L. W.
245 14 - TITLE STATEMENT
Title The standard in South African English and its social history
250 ## - EDITION STATEMENT
Edition statement 2nd ed.
260 ## - PUBLICATION, DISTRIBUTION, ETC. (IMPRINT)
Place of publication Heidelberg :
Name of publisher Groos,
Year of publication c1985.
300 ## - PHYSICAL DESCRIPTION
Number of Pages 96 p.
490 1# - SERIES STATEMENT
Series statement Varieties of English around the world. General series,
650 #0 - SUBJECT ADDED ENTRY--TOPICAL TERM
Topical Term English language
Topical Term Standard language
700 1# - ADDED ENTRY--PERSONAL NAME
Personal name MacDonald, C. A.
856 40 - ELECTRONIC LOCATION AND ACCESS
Uniform Resource Identifier http://site.ebrary.com/lib/rucke/Doc?id=10451059

No items available.

© 2026 Rongo University
Contact us: librarian | system librarian | Rongo university